000
00199 a2200097 4500
001
4207
100
_a
HMS
245
_a
Hand book of line communication
260
_a
_b
H.M.S
_c
090
_c
3424
_d
3424
942
_a
NUST-CAE
_c
M
_c
26936
999
_c
239280
_d
239280